Compositeurs par image n°1 - Statistiques

Statistiques générales
  • Ce quiz a été pris 326 fois
  • Le résultat moyen est 9 sur 15
Statistiques - réponses
Par images Réponse % Correct
Ludwig van Beethoven
97%
Jean-Sébastien Bach
96%
Antonio Vivaldi
86%
Wolfgang Amadeus Mozart
73%
Piotr Illitch Tchaïkovski
70%
Maurice Ravel
63%
Frédéric Chopin
62%
Franz Schubert
60%
Johannes Brahms
60%
Georg Friedrich Haendel
57%
Giuseppe Verdi
53%
Richard Wagner
51%
Dmitri Chostakovitch
45%
Gustav Mahler
35%
Claudio Monteverdi
27%
Aucun quiz correspondant
Distribution des résultats
% des personnes avec chaque résultat
Percentile par nombre de réponses
Votre historique - résultats
Vous n’avez pas pris ce quiz